Koussevitzky
Saved in:
| Hovedforfatter: | |
|---|---|
| Format: | Bog |
| Sprog: | engelsk |
| Udgivet: |
Nueva York
Allen, Towne and Heath
1947
|
| Fag: | |
| Tags: |
Tilføj Tag
Ingen Tags, Vær først til at tagge denne postø!
|
MARC
| LEADER | 00000nam a2200000 a 4500 | ||
|---|---|---|---|
| 001 | UCW2438 | ||
| 003 | CL-VaPUC | ||
| 005 | 20241028150858.0 | ||
| 008 | 900516e19470000US |||||||||||||||||eng|d | ||
| 999 | |c 216988 |d 216986 | ||
| 040 | |c Pontificia Universidad Católica de Valparaíso | ||
| 082 | 0 | 4 | |a 780.92 SMI 1947 |2 21 |
| 100 | 0 | |a Smith, Moses |e author |9 306570 | |
| 245 | 1 | 0 | |a Koussevitzky |
| 260 | |a Nueva York |b Allen, Towne and Heath |c 1947 | ||
| 300 | |a 400 p | ||
| 583 | |a last modification |c 19900516 00:00:00 |k Rodrigo Vera | ||
| 600 | 0 | |a Koussevitzky, Sergei Aleksandrovich |2 CL-VaPUC |9 306571 |d 1874-1951 | |
| 650 | 0 | |a Directores de música |9 306511 | |
| 942 | |c BK |2 ddc | ||
| 945 | |d 19900516 00:00:00 | ||
| 952 | |0 0 |1 0 |4 0 |6 780_920000000000000_SMI_1947 |7 0 |8 A |9 203463 |a BIBEDU |b BIBEDU |d 2019-11-15 |i 2706911 |o 780.92 SMI 1947 |p 2706911 |r 2023-01-12 |w 2019-11-15 |y BK |k MUS | ||